000 00408nam a2200169 4500
008 190529s1996||||CZ d
100 1 _aVencovský Eugen
_91162
245 1 0 _aPsychiatrie dÍ?ých vekú
490 _aoTVOR SA , ROZPRáVKA
260 _bKarolinum
_c1996
_aPraha
020 _a8071842265
_c0
041 1 _acze
044 _aCZ
250 _a1. vydanie
300 _a222 s.
958 _aA
999 _c22466
_d22466